Janbdari : (Record no. 525999)

000 -LEADER
fixed length control field 00672nam a22002057a 4500
003 - CONTROL NUMBER IDENTIFIER
control field NUST
005 - DATE AND TIME OF LATEST TRANSACTION
control field 20190708045409.0
008 - FIXED-LENGTH DATA ELEMENTS--GENERAL INFORMATION
fixed length control field 190708b ||||| |||| 00| 0 eng d
038 ## - RECORD CONTENT LICENSOR
Staff Name waseem
082 ## - DEWEY DECIMAL CLASSIFICATION NUMBER
Classification number 909
Author Mark FAR
100 ## - MAIN ENTRY--PERSONAL NAME
Personal name Farooq, Umar
9 (RLIN) 16952
245 ## - TITLE STATEMENT
Title Janbdari :
Remainder of title Jadeed tanazar main ak mutaliya /
Statement of responsibility, etc. Umar Farooq
260 ## - PUBLICATION, DISTRIBUTION, ETC.
Place of publication, distribution, etc. Islamabad :
Name of publisher, distributor, etc. Poorab akadmi,
Date of publication, distribution, etc. 2008.
300 ## - PHYSICAL DESCRIPTION
Extent 176 p. ;
500 ## - GENERAL NOTE
General note Hardcover.
880 ## - ALTERNATE GRAPHIC REPRESENTATION
Linkage 100-01\r
Title عمر فاروق قاضی
880 ## - ALTERNATE GRAPHIC REPRESENTATION
Linkage 245-02\r
Title جانبداری : جدید تناظر میں ایک مطالعہ /
880 ## - ALTERNATE GRAPHIC REPRESENTATION
Linkage 260-03\r
Title اسلام آباد :
b پورب اکادمی,
c ۲۰۰۸.
942 ## - ADDED ENTRY ELEMENTS (KOHA)
Source of classification or shelving scheme
Koha item type Book
Holdings
Withdrawn status Lost status Source of classification or shelving scheme Damaged status Not for loan Permanent Location Current Location Date acquired Total Checkouts Full call number Barcode Date last seen Price effective from Koha item type
          Central Library (CL) Central Library (CL) 07/08/2019   909 FAR CL-E-579 07/08/2019 07/08/2019 Book
© 2023 Central Library, National University of Sciences and Technology. All Rights Reserved.